Briefe des Hofmeisters König Ferdinands I. an die Stadt Augsburg über die Ereignisse des ungarländischen Feldzuges im Jahre 1527
| Titel: | Briefe des Hofmeisters König Ferdinands I. an die Stadt Augsburg über die Ereignisse des ungarländischen Feldzuges im Jahre 1527 |
|---|---|
| Verfasser: | |
| In: |
Archivalische Zeitschrift, Band 88 (2006), Seite 201-216 alle Artikel anzeigen |
| Veröffentlicht: | 2006 |
| Format: | Aufsatz |
| Sprache: | Deutsch |
X
alg: 39251762 001A $01999:11-11-16 001B $01999:17-05-21 $t20:33:33.000 001C $06050:19-11-16 $t08:46:14.000 001D $01999:11-11-16 001U $0utf8 001X $00 002@ $0Aox 003@ $0392517620 007A $0392517620 $aHEB 007T $0Herdc0055461m 010@ $ager 011@ $a2006 021A $aBriefe des Hofmeisters König Ferdinands I. an die Stadt Augsburg über die Ereignisse des ungarländischen Feldzuges im Jahre 1527 028A $aGecsényi $dLajos 031A $d88 $h201-216 $j2006 039B $aIn $8--Abvc--. Archivalische Zeitschrift. - Köln : Böhlau, 1876-. - ISSN 0003-9497 $x200600000880000799 $9047256281 045F $a929.09439 $eDDC23BSB 045F/01 $a929 045F/03 $g439 045T $a8 lok: 39251762 78 exp: 39251762 78 1 #EPN 201B/01 $019-04-17 $t11:19:43.000 201U/01 $0utf8 203@/01 $0788615505 208@/01 $a11-11-16 $be 209A/01 $a/ $f000 $x00 220C/01 $aTitelaufnehmer: pg 220C/01 $aHerkunft: HI Marburg 220C/01 $aAnmerkung: *ng , wird von pg erledigt 244Z/01 $2Trx $#Ungari $#Vengrija $#Ungārija $#Ungarn $#Hungary $#Węgry $#Maďarsko $#Maďarsko $#Uhorsko $#Uhersko;Uhry $8--Trx--Magyarország $x01 $9391197150 244Z/01 $2Trx $8--Trx--Augsburg $x02 $9391163272 244Z/01 $aGeschichte 1527 $x03 244Z/01 $2Trx $#Ferdynand I $#Ferdinand I. Habsburský $8--Trx--$PFerdinand I.$Z1503-1564 $x04 $9390614335 244Z/01 $2Trx $#korrespondenst $#susirašinėjimas $#Correspondences $#levelezés $#korespondencja $#korešpondencia $#korespondence $#laiškai $#Briefe $#Schriftverkehr $#listy $#listy $#dopisy $8--Trx--Korrespondenz $x05 $9391359568 244Z/01 $2Trx $8--Trx--Zeitschriftenaufsatz $x06 $9391384341 245Z/01 $a12.03 $x01 247C/01 $82080>Marburg/Lahn, Herder-Institut, Forschungsbibliothek, Bibliographieportal $9336309341
| LEADER | 00000caa a22000002c 4500 | ||
|---|---|---|---|
| 001 | 392517620 | ||
| 003 | DE-603 | ||
| 005 | 20210517203333.0 | ||
| 007 | tu | ||
| 008 | 161111s2006 xx |||| | u00||u|ger c | ||
| 035 | |a (DE-599)HEB392517620 | ||
| 040 | |a DE-603 |b ger |c DE-603 |d DE-603 | ||
| 041 | |a ger | ||
| 082 | 0 | 4 | |8 1\u |a 929.09439 |q DE-101 |2 23/BSB |
| 084 | |a 8 |2 ssgn | ||
| 085 | |8 1\u |b 929 | ||
| 085 | |8 1\u |z 2 |s 439 | ||
| 100 | 1 | |a Gecsényi, Lajos | |
| 245 | 0 | 0 | |a Briefe des Hofmeisters König Ferdinands I. an die Stadt Augsburg über die Ereignisse des ungarländischen Feldzuges im Jahre 1527 |
| 264 | 0 | |c 2006 | |
| 773 | 0 | 8 | |i In |t Archivalische Zeitschrift |d Köln : Böhlau, 1876- |x 0003-9497 |g Band 88 (2006), Seite 201-216 |w (DE-603)047256281 |w (DE-600)201051-3 |
| 924 | 0 | |9 2080 |a (DE-603)788615505 |b DE-2080 |c HES |d d |g / | |


